Renewing business tenancies. (Record no. 100970)

MARC details
000 -LEADER
fixed length control field 00673cam a2200253 4500
008 - FIXED-LENGTH DATA ELEMENTS--GENERAL INFORMATION
fixed length control field 000000n2001 000 0 eng u
020 ## - INTERNATIONAL STANDARD BOOK NUMBER
International Standard Book Number 0853086702
035 ## - SYSTEM CONTROL NUMBER
System control number (Sirsi) u109666
050 ## - LIBRARY OF CONGRESS CALL NUMBER
Classification number 346.4104343
100 ## - MAIN ENTRY--PERSONAL NAME
Personal name Fife, G.
245 ## - TITLE STATEMENT
Title Renewing business tenancies.
250 ## - EDITION STATEMENT
Edition statement 2nd ed.
260 ## - PUBLICATION, DISTRIBUTION, ETC.
Place of publication, distribution, etc. Bristol
Name of publisher, distributor, etc. Jordans
Date of publication, distribution, etc. 2001
300 ## - PHYSICAL DESCRIPTION
Extent xviii, 142p. ; 24cm.
350 ## - PRICE (NR) (BK AM CF MU VM SE) [OBSOLETE]
Price 40.00
650 ## - SUBJECT ADDED ENTRY--TOPICAL TERM
Topical term or geographic name entry element BUSINESS LEASES
650 ## - SUBJECT ADDED ENTRY--TOPICAL TERM
Topical term or geographic name entry element BUSINESS TENANCIES
650 ## - SUBJECT ADDED ENTRY--TOPICAL TERM
Topical term or geographic name entry element Dilapidations
9 (RLIN) 6235
650 ## - SUBJECT ADDED ENTRY--TOPICAL TERM
Topical term or geographic name entry element LANDLORD AND TENANT ACT 1954 PART II
690 ## - LOCAL SUBJECT ADDED ENTRY--TOPICAL TERM (OCLC, RLIN)
Topical term or geographic name as entry element LANDLORD AND TENANT-BUSINESS TENANCIES
700 ## - ADDED ENTRY--PERSONAL NAME
Personal name Hilditch, B.
700 ## - ADDED ENTRY--PERSONAL NAME
Personal name Marco, P.
942 ## - ADDED ENTRY ELEMENTS (KOHA)
Suppress in OPAC 0
Holdings
Withdrawn status Lost status Source of classification or shelving scheme Damaged status Not for loan Home library Current library Shelving location Date acquired Cost, normal purchase price Total Checkouts Full call number Barcode Date last seen Date last checked out Copy number Cost, replacement price Price effective from Koha item type
    Dewey Decimal Classification     London London Basement 19/02/2001 29.75 27 SHELF 330 30063607 06/08/2019 20/01/2005 1 29.75 06/08/2019 Book